000 00941nam a22002295i 4500
001 159954
003 ES-MaACL
005 20250717065807.0
008 971222s1897 sp a |||| | spa d
040 _aAR
_bspa
_cAR
100 1 _aMonedero Ordoñez, Dionisio.
_982160
245 1 0 _aConferencias patrióticas /
_cpor Dionisio Monedero Ordóñez ; con un prólogo del Sr. D. Rafael Alvarez Sereix.
250 _a2ª ed.
260 _aBurgos :
_bImp. y lib. del Centro Católico,
_c1897.
300 _a246 p., [1] h. de lám. ;
_c21 cm.
594 _aObra declarada de texto para las Escuelas de Instrucción Primaria por Real Orden de 4 de mayo de 1896.
597 _aH. de lám. litogr., retrato del autor.
700 1 _aÁlvarez Sereix, Rafael,
_d1856-1946
_920966
852 _aES-MaACL
_jG-13508
_z-- Enc. cartón
852 _aES-MaACL
_jC-971
_z-- Enc. cartón
_z-- Legado M. de la Fuente
999 _c159954
_d159954